| 000 | 00442nam a2200181Ia 4500 | ||
|---|---|---|---|
| 001 | 14325 | ||
| 005 | 20260306164906.0 | ||
| 008 | 260306t2012||||xx |||||||||||||| ||spa|| | ||
| 041 | _aESP | ||
| 082 |
_a511.3 _bR84 |
||
| 100 |
_aRosen, Kenneth H. _eAUT |
||
| 245 | 0 | _aDiscrete mathematics and its applications | |
| 260 | _c2012 | ||
| 300 |
_axx, 903 páginas : : _c27 cm. |
||
| 650 | _aGEN | ||
| 654 | _aCMA | ||
| 942 |
_cLIB _dJUS _fJUS _2ddc _n |
||
| 999 |
_c14325 _d14325 |
||